Rap Album of the Year 2000-2022 - Statistics

General Stats
  • This quiz has been taken 149 times
  • The average score is 15 of 23
Answer Stats
Year Answer Artist % Correct
2008 Graduation Kanye West
94%
2018 Damn Kendrick Lamar
90%
2005 The College Dropout Kanye West
88%
2016 To Pimp a Butterfly Kendrick Lamar
87%
2020 Igor Tyler, The Creator
86%
2006 Late Registration Kanye West
86%
2012 My Beautiful Dark Twisted Fantasy Kanye West
84%
2001 The Marshall Mathers LP Eminem
75%
2022 Call Me If You Get Lost Tyler, The Creator
72%
2003 The Eminem Show Eminem
69%
2013 Take Care Drake
67%
2019 Invasion of Privacy Cardi B
59%
2002 Stankonia OutKast
58%
2000 The Slim Shady LP Eminem
56%
2011 Recovery Eminem
50%
2010 Relapse Eminem
50%
2009 Tha Carter 3 Lil Wayne
50%
2014 The Heist Mackelmore & Ray Lewis
50%
2015 The Marshall Mathers LP 2 Eminem
47%
2017 Coloring Book Chance The Rapper
45%
2021 King's Disease Nas
40%
2004 Speakerboxxx/The Love Below OutKast
38%
2007 Release Therapy Ludacris
9%
No matching quizzes found
Score Distribution
Percent of People with Each Score
Percentile by Number Answered
Your Score History
You have not taken this quiz